000 00616nam a2200253Ia 4500
005 20260306153556.0
008 008 260114s9999 xx 000 0 eng d
020 _a9781800108578
037 _aEBOOK
040 _aCRL
040 _beng
040 _cCRL
041 _2eng
041 _aeng
084 _qCRL
100 _aGrabowski
_9882175
245 0 _aIndividualism and the Rise of Democracy in Poland 1st ed
260 _bBoydell & Brewer
260 _c2024
650 _aPolitical Science
856 _uhttps://doi.org/10.1017/9781800108578
942 _cEBOOK
999 _c1704031
_d1704031